logo

Bir Sreshtho Munshi Abdur Rouf Library
Jhenaidah Cadet College

Arithmetic / (Record no. 8450)

MARC details
000 -LEADER
fixed length control field 00665cam a2200241 a 4500
001 - CONTROL NUMBER
JCCL Control Number 8450
003 - CONTROL NUMBER IDENTIFIER
JCCL marc code BD-JhCC
005 - DATE AND TIME OF LATEST TRANSACTION
control field 20180320171406.0
008 - FIXED-LENGTH DATA ELEMENTS--GENERAL INFORMATION
fixed length control field 850910s1985 nyua 000 0 eng
020 ## - INTERNATIONAL STANDARD BOOK NUMBER
International Standard Book Number 0668064684 (pbk.) :
Terms of availability $5.95
035 ## - SYSTEM CONTROL NUMBER
system control number (BD-JhCC)8450
040 ## - CATALOGING SOURCE
Original cataloging agency DLC
Transcribing agency DLC
Modifying agency DLC
-- BD-JhCC
041 ## - LANGUAGE CODE
Language code of Book eng
050 10 - LIBRARY OF CONGRESS CALL NUMBER
Classification number QA107
Item number .A735 1985
082 00 - DEWEY DECIMAL CLASSIFICATION NUMBER
Classification number 510
DDC Edition number 19
Author mark and Year ARI 1985
245 00 - TITLE STATEMENT
Title Arithmetic /
Statement of responsibility, etc E.T. Mcswain...[et. all].
260 ## - PUBLICATION, DISTRIBUTION, ETC. (IMPRINT)
Place of publication, distribution, etc New Jersey :
Name of publisher, distributor, etc Laidlaw Brothers
Date of publication, distribution, etc c1985.
300 ## - PHYSICAL DESCRIPTION
Pagination vi, 138 p. :
Other physical details ill. ;
Dimensions 27 cm.
650 #0 - SUBJECT ADDED ENTRY--TOPICAL TERM
Topical term or geographic name as entry element Arithmetic.
Form subdivision Study and teaching (Elementary)
700 ## - ADDED ENTRY--PERSONAL NAME
Personal name E.T. Mcswain
942 ## - ADDED ENTRY ELEMENTS (KOHA)
Source of classification or shelving scheme Dewey Decimal Classification
Koha item type Books
Holdings
Source of classification or shelving scheme volume number Damaged status Not for loan Home library Current library Shelving location Total Checkouts Full call number Barcode Date last seen Copy number Koha item type
Dewey Decimal Classification V-3     JCC Rouf Library JCC Rouf Library General Stacks   510 ARI 1963 11101 02/24/2018 C - 1 Books
Dewey Decimal Classification V-3     JCC Rouf Library JCC Rouf Library General Stacks   510 ARI 1963 11102 02/24/2018 C - 2 Books
Dewey Decimal Classification V-3     JCC Rouf Library JCC Rouf Library General Stacks   510 ARI 1963 11103 02/24/2018 C - 3 Books
Dewey Decimal Classification V-3     JCC Rouf Library JCC Rouf Library General Stacks   510 ARI 1963 11104 02/24/2018 C - 4 Books
Dewey Decimal Classification V-3     JCC Rouf Library JCC Rouf Library General Stacks   510 ARI 1963 11105 02/24/2018 C - 5 Books
Dewey Decimal Classification V-3     JCC Rouf Library JCC Rouf Library General Stacks   510 ARI 1963 11106 02/24/2018 C - 6 Books
Dewey Decimal Classification V-3     JCC Rouf Library JCC Rouf Library General Stacks   510 ARI 1963 11107 02/24/2018 C - 7 Books
Dewey Decimal Classification V-3     JCC Rouf Library JCC Rouf Library General Stacks   510 ARI 1963 11108 02/24/2018 C - 8 Books
Dewey Decimal Classification V-3     JCC Rouf Library JCC Rouf Library General Stacks   510 ARI 1963 11109 02/24/2018 C - 9 Books
Dewey Decimal Classification V-3     JCC Rouf Library JCC Rouf Library General Stacks   510 ARI 1963 11110 02/24/2018 C - 10 Books
Dewey Decimal Classification V-4     JCC Rouf Library JCC Rouf Library General Stacks   510 ARI 1963 11111 02/24/2018 C - 11 Books
Dewey Decimal Classification V-4     JCC Rouf Library JCC Rouf Library General Stacks   510 ARI 1963 11112 02/24/2018 C - 12 Books
Dewey Decimal Classification V-4     JCC Rouf Library JCC Rouf Library General Stacks   510 ARI 1963 11113 02/24/2018 C - 13 Books
Dewey Decimal Classification V-4     JCC Rouf Library JCC Rouf Library General Stacks   510 ARI 1963 11114 02/24/2018 C - 14 Books
Dewey Decimal Classification V-4     JCC Rouf Library JCC Rouf Library General Stacks   510 ARI 1963 11115 02/24/2018 C - 15 Books
Dewey Decimal Classification V-4     JCC Rouf Library JCC Rouf Library General Stacks   510 ARI 1963 11116 02/24/2018 C - 16 Books
Dewey Decimal Classification V-4     JCC Rouf Library JCC Rouf Library General Stacks   510 ARI 1963 11117 02/24/2018 C - 17 Books
Dewey Decimal Classification V-4     JCC Rouf Library JCC Rouf Library General Stacks   510 ARI 1963 11118 02/24/2018 C - 18 Books
Dewey Decimal Classification V-4     JCC Rouf Library JCC Rouf Library General Stacks   510 ARI 1963 11119 02/24/2018 C - 19 Books
Dewey Decimal Classification V-4     JCC Rouf Library JCC Rouf Library General Stacks   510 ARI 1963 11120 02/24/2018 C - 20 Books

JCC Library | Contacts | JCC Home

Last Update on 23 September 2017
Copyright @ 2017-2020 JCC Rouf Library
Rouf Library, Jhenidah Cadet College (JCC), Bangladesh